[Event "TUR-chT Clubs"]
[Site "Konya"]
[Date "2019.07.18"]
[Round "5.7"]
[White "Yildiz, Tunahan"]
[Black "Aktas, Oguz Kagan"]
[Result "1-0"]
[WhiteElo "1719"]
[BlackElo "1185"]
[PlyCount "121"]
[EventDate "2019.07.16"]
[EventType "team-swiss"]
[EventRounds "9"]
[EventCountry "TUR"]
[SourceTitle "CBM 191 Extra"]
[Source "ChessBase"]
[SourceDate "2019.09.30"]
[SourceVersion "1"]
[SourceVersionDate "2019.09.30"]
[SourceQuality "1"]
[WhiteTeam "Artvin Il Ozel"]
[BlackTeam "Kalite Dernegi"]
[WhiteTeamCountry "TUR"]
[BlackTeamCountry "TUR"]

1. d4 d6 2. Nf3 Nd7 3. e4 e5 4. Bc4 Be7 5. 0-0 Ngf6 6. Nc3 exd4 7. Nxd4 Ne5 8. Bb3 0-0 9. h3 b6 10. f4 Ng6 11. Nc6 Qe8 12. Nxe7+ Nxe7 13. e5 dxe5 14. fxe5 Nd7 15. Rxf7 Rxf7 16. e6 Ne5 17. exf7+ Nxf7 18. Nb5 Bb7 19. Nxc7 Qc6 20. Bxf7+ Kh8 21. Qg4 Qxc7 22. Bf4 Qc5+ 23. Kh2 Rf8 24. Bb3 Ng6 25. Bg3 Ne5 26. Qe2 Re8 27. Qf2 Qxf2 28. Bxf2 Rf8 29. Bg3 Ng6 30. Rd1 Bc6 31. Bc7 h5 32. Rd8 Rxd8 33. Bxd8 Nf4 34. g3 Ne2 35. Bf7 Nd4 36. Bxh5 Nxc2 37. Kg1 Bd7 38. Bg4 Bxg4 39. hxg4 Ne3 40. g5 Nf5 41. Bc7 Kh7 42. Kf2 Kg6 43. Bf4 Ne7 44. Ke3 a5 45. Kd4 Nc6+ 46. Kc4 Na7 47. Kd5 b5 48. Kc5 Kf7 49. Kb6 Nc8+ 50. Kxb5 Ke6 51. Kxa5 Kd5 52. b4 Kc6 53. Ka6 Ne7 54. b5+ Kd7 55. b6 Nc6 56. b7 Nb4+ 57. Kb5 Nc6 58. b8Q Nxb8 59. Bxb8 Kc8 60. Kc6 Kxb8 61. Kd7 1-0